00588nam a2200181 a 450000100060000000300090000600800410001504000280005608200150008410000320009924500380013126000540016930000140022349000390023765000400027665000460031665000440036211009CO-ViMGA141112s2004 ck r 000 u spa d aCO-ViMGAbspacCO-ViMGA04a323.4 H69d1 aHoyos Vásquez Guillermo, 10aDerechos Humanos, ética y moral aSantafé de Bogotá, cEditorial Gazeta, c1995 a90 p. il. aEscuela de liderazgo democrático14aDEMOCRACIA - ENSEÑANZA - COLOMBIA14aDERECHOS CIVILES - ENSEÑANZA - COLOMBIA14aética SOCIAL - ENSEÑANZA - COLOMBIA